| 000 | 00575nam a22002057a 4500 | ||
|---|---|---|---|
| 003 | SISC | ||
| 005 | 20160314143223.0 | ||
| 008 | 130903t xxu||||| |||| 00| 0 eng d | ||
| 020 | _a0890617554 | ||
| 050 |
_aPE 1121 _b.H313 1994 |
||
| 082 |
_aHS 808.042 _bH24 1994 |
||
| 100 |
_aHarris, Raymond _916234 |
||
| 245 |
_aBest-selling chapter middle level / _cRaymond Harris |
||
| 260 |
_aChicago, Illinois : _bJamestown Publishers, _cc1994. |
||
| 300 |
_a464 p. : _c23 cm. |
||
| 650 |
_aWriting _916154 |
||
| 650 |
_aReading _9902 |
||
| 942 |
_2lcc _cBK |
||
| 999 |
_c10245 _d10245 |
||